Táctica elemental / (Record no. 28303)

MARC details
000 -LEADER
campo de control de longitud fija 00543nam a2200193 i 4500
001 - NÚMERO DE CONTROL
campo de control 28303
003 - IDENTIFICADOR DE NÚMERO DE CONTROL
campo de control ES-MaACL
005 - FECHA Y HORA DE LA ÚLTIMA TRANSACCIÓN
campo de control 20230906153826.0
007 - CAMPO FIJO DE DESCRIPCIÓN FÍSICA--INFORMACIÓN GENERAL
campo de control de longitud fija t|
008 - DATOS DE LONGITUD FIJA--INFORMACIÓN GENERAL
campo de control de longitud fija 030117s1885 sp ||||1| spa d
100 1# - ENTRADA PRINCIPAL--NOMBRE DE PERSONA
Nombre de persona Banús y Comas, Carlos.
9 (RLIN) 25220
245 10 - MENCIÓN DEL TÍTULO
Título Táctica elemental /
Mención de responsabilidad, etc. por Carlos Banús y Comas.
260 ## - PUBLICACIÓN, DISTRIBUCIÓN, ETC.
Lugar de publicación, distribución, etc. Barcelona :
Nombre del editor, distribuidor, etc. [s.n.,
Fecha de publicación, distribución, etc. 1885] (
Fabricante Luis Tasso y Serra)
300 ## - DESCRIPCIÓN FÍSICA
Extensión 499 p. ;
Dimensiones 23 cm.
490 1# - MENCIÓN DE SERIE
Mención de serie Biblioteca militar
830 0# - PUNTO DE ACCESO ADICIONAL DE SERIE-TÍTULO UNIFORME
Título uniforme Biblioteca militar
9 (RLIN) 181165
852 ## - LOCALIZACIÓN
Ubicación ES-MaACL
Número de control de estantería G-9078
Holdings
Estatus retirado Estado de pérdida Estado de daño No para préstamo Colección Biblioteca de origen Biblioteca actual Ubicación en estantería Fecha de adquisición Fuente de adquisición Total de préstamos Signatura topográfica completa Código de barras Visto por última vez Precio de reemplazo Tipo de ítem Koha
        Libros del s. XIX Biblioteca del Ateneo de Madrid Biblioteca del Ateneo de Madrid Sala Pecera Planta 3 17/01/2008     G-9078 1029217 23/02/2023 23/02/2023 Libro impreso antiguo